| 000 | 00649nam a22002297a 4500 | ||
|---|---|---|---|
| 005 | 20170124105936.0 | ||
| 010 | _aB-031588 | ||
| 020 | _c00.00 | ||
| 035 | _aB-031588 | ||
| 037 | _bCen Lib/Ret | ||
| 040 |
_aDPL _bEN |
||
| 082 |
_a320.954 _bPAI |
||
| 100 |
_aPai, Sudha _99951 |
||
| 245 |
_aState politics : new dimensions : _cby Sudha Pai _bparty system, liberalisation and politics of identity / |
||
| 246 | _b | ||
| 260 |
_bShipra _a2000 |
||
| 300 |
_axii, 284p. _c20cm(Hb) |
||
| 500 | _aIncludes index | ||
| 650 |
_aNational politics _99952 |
||
| 650 |
_aDevelopments _990974 |
||
| 942 |
_2ddc _cEN _h320.954 _mPAI |
||
| 999 |
_c124247 _d124247 |
||